[Event "Bad Woerishofen Sen"]
[Site "Bad Woerishofen"]
[Date "2001.??.??"]
[Round "5"]
[White "Meyts, Jozef"]
[Black "Geckle, Gerhard"]
[Result "1-0"]
[WhiteElo "1700"]
[BlackElo "1531"]
[Annotator "ChessOrg"]
[PlyCount "71"]
[EventDate "1998.03.05"]
[Source "ChessBase"]
[SourceDate "1998.04.29"]

1. e4 d6 2. d4 Nf6 3. Nc3 c6 4. Bd3 e5 5. Nge2 Bg4 6. f3 Bh5 7. h4 h6 8. g4 Bg6
9. h5 Bh7 10. Ng3 exd4 11. Nce2 c5 12. Bb5+ Nc6 13. c3 Qa5 14. a4 O-O-O 15. O-O
Ne5 16. cxd4 a6 17. Bd2 Qb6 18. dxe5 dxe5 19. Bc4 Qd6 20. Bc3 Qc7 21. Qe1 Bd6
22. Ba5 b6 23. Bxa6+ Kb8 24. Bc3 c4 25. Kg2 Be7 26. Bb5 Rd3 27. Nc1 Rhd8 28.
Nxd3 Rxd3 29. a5 Qc5 30. Be8 Re3 31. Qd1 Rd3 32. Qa4 Bg8 33. axb6 Qxb6 34. Qa8+
Kc7 35. Ra7+ Kd6 36. Nf5+ 1-0

[Event "Bad Woerishofen Sen"]
[Site "Bad Woerishofen"]
[Date "2001.??.??"]
[Round "7"]
[White "Meyts, Jozef"]
[Black "Heyse, Juergen"]
[Result "1/2-1/2"]
[WhiteElo "1700"]
[BlackElo "1597"]
[Annotator "ChessOrg"]
[PlyCount "44"]
[EventDate "1998.03.05"]
[Source "ChessBase"]
[SourceDate "1998.04.29"]

1. e4 c6 2. d4 d5 3. e5 Bf5 4. c3 Qc7 5. Be3 e6 6. Nd2 Nd7 7. h4 h5 8. Be2 Bg6
9. Nh3 c5 10. Bb5 cxd4 11. Bxd7+ Kxd7 12. Qa4+ Qc6 13. Qxd4 Ne7 14. Qc5 Bd3 15.
O-O-O Bg6 16. Nf4 Bf5 17. Rhg1 Ng6 18. Qxc6+ bxc6 19. Nxg6 Bxg6 20. Nb3 Kc7 21.
f3 Be7 22. g3 a5 1/2-1/2

[Event "Bad Woerishofen Sen"]
[Site "Bad Woerishofen"]
[Date "2001.??.??"]
[Round "2"]
[White "Michalowski, Richard"]
[Black "Borger, Martin"]
[Result "1/2-1/2"]
[WhiteElo "1616"]
[BlackElo "1707"]
[Annotator "ChessOrg"]
[PlyCount "60"]
[EventDate "1998.03.05"]
[Source "ChessBase"]
[SourceDate "1998.04.29"]

1. c4 e5 2. Nc3 Nf6 3. g3 d6 4. Bg2 Nc6 5. e3 Be7 6. Nge2 O-O 7. O-O Be6 8. b3
Rb8 9. d4 exd4 10. exd4 d5 11. Nf4 Bb4 12. Bb2 Bxc3 13. Bxc3 Qd7 14. Re1 Rfe8
15. c5 Bf5 16. Qd2 h6 17. f3 Bh7 18. Bh3 Qd8 19. b4 Ne7 20. Nd3 Bxd3 21. Qxd3
c6 22. a4 Qc7 23. Bd2 Nh5 24. Re5 Nf6 25. Rae1 Ng6 26. Rxe8+ Rxe8 27. Rxe8+
Nxe8 28. f4 Nf6 29. Bg2 Qe7 30. f5 Nf8 1/2-1/2

[Event "Bad Woerishofen Sen"]
[Site "Bad Woerishofen"]
[Date "2001.??.??"]
[Round "4"]
[White "Michalowski, Richard"]
[Black "Zieroth, Gert"]
[Result "1/2-1/2"]
[WhiteElo "1616"]
[BlackElo "1740"]
[Annotator "ChessOrg"]
[PlyCount "49"]
[EventDate "1998.03.05"]
[Source "ChessBase"]
[SourceDate "1998.04.29"]

1. c4 c5 2. Nc3 Nc6 3. g3 g6 4. Bg2 Bg7 5. e3 d6 6. Nge2 Nf6 7. O-O O-O 8. d4
cxd4 9. exd4 a6 10. h3 Bd7 11. Be3 Qc7 12. Rc1 Rfd8 13. Qd2 e5 14. Nd5 Qa5 15.
b4 Qa4 16. Nec3 Qa3 17. Nb1 Qa4 18. Nb6 Qxb4 19. Nxa8 Qxd2 20. Bxd2 Rxa8 21.
dxe5 dxe5 22. Bc3 Be6 23. Bd2 Nd4 24. Rfe1 e4 25. g4 1/2-1/2

[Event "Bad Woerishofen Sen"]
[Site "Bad Woerishofen"]
[Date "2001.??.??"]
[Round "6"]
[White "Michalowski, Richard"]
[Black "Erler, Klaus-Juergen"]
[Result "0-1"]
[WhiteElo "1616"]
[BlackElo "1750"]
[Annotator "ChessOrg"]
[PlyCount "74"]
[EventDate "1998.03.05"]
[Source "ChessBase"]
[SourceDate "1998.04.29"]

1. c4 e6 2. Nc3 d5 3. d4 Nf6 4. e3 Be7 5. Bd3 dxc4 6. Bxc4 O-O 7. Nf3 b6 8. O-O
Nbd7 9. Qe2 a6 10. a3 b5 11. Bd3 c5 12. b3 Bb7 13. Bb2 Rc8 14. Rac1 cxd4 15.
Nxd4 Nc5 16. Bc2 Nce4 17. Nxe4 Nxe4 18. f3 Nc3 19. Bxh7+ Kxh7 20. Qd3+ Ne4 21.
fxe4 e5 22. Rxc8 Bxc8 23. Rd1 exd4 24. exd4 Qb6 25. Kh1 Bg4 26. Rd2 Rc8 27. Rf2
Qg6 28. h3 Bd7 29. Qf3 Kg8 30. g4 Bh4 31. Rg2 Re8 32. Re2 Qf6 33. Qg2 Qf4 34.
d5 b4 35. a4 a5 36. Bd4 Bc8 37. Rc2 Ba6 0-1

[Event "Bad Woerishofen Sen"]
[Site "Bad Woerishofen"]
[Date "2001.??.??"]
[Round "9"]
[White "Michalowski, Richard"]
[Black "Eisenhuth, Matthias"]
[Result "1/2-1/2"]
[WhiteElo "1616"]
[BlackElo "1718"]
[Annotator "ChessOrg"]
[PlyCount "76"]
[EventDate "1998.03.05"]
[Source "ChessBase"]
[SourceDate "1998.04.29"]

1. c4 e6 2. Nc3 d5 3. d4 Nf6 4. Bg5 Be7 5. Nf3 Nbd7 6. c5 c6 7. b4 a5 8. b5 e5
9. bxc6 bxc6 10. e3 e4 11. Nd2 O-O 12. Be2 Ba6 13. O-O Bxe2 14. Qxe2 h6 15. Bh4
a4 16. f3 exf3 17. gxf3 Re8 18. Rab1 Qa5 19. Qd3 Rab8 20. a3 Qa7 21. Bg3 Rxb1
22. Rxb1 Nxc5 23. dxc5 Bxc5 24. Nf1 Bxe3+ 25. Kg2 Bc5 26. Ne2 Bxa3 27. Nd4 Bf8
28. Nxc6 Qc5 29. Nd4 Rc8 30. Nd2 Bd6 31. Nf5 Bxg3 32. hxg3 Nd7 33. Qe2 Kf8 34.
Re1 Nf6 35. Qa6 Qc6 36. Qa7 Rc7 37. Qb8+ Rc8 38. Qa7 Rc7 1/2-1/2

[Event "Bad Woerishofen Sen"]
[Site "Bad Woerishofen"]
[Date "2001.??.??"]
[Round "1"]
[White "Miessner, Rolf"]
[Black "Kristiansen, Erling"]
[Result "0-1"]
[WhiteElo "1750"]
[BlackElo "2214"]
[Annotator "ChessOrg"]
[PlyCount "44"]
[EventDate "1998.03.05"]
[Source "ChessBase"]
[SourceDate "1998.04.29"]

1. e4 e5 2. Nf3 Nc6 3. Bb5 a6 4. Ba4 Nf6 5. O-O Be7 6. Re1 b5 7. Bb3 O-O 8. c3
d5 9. exd5 Nxd5 10. Nxe5 Nxe5 11. Rxe5 c6 12. d4 Bd6 13. Re1 Qh4 14. g3 Qh3 15.
Qd3 Bg4 16. Qf1 Qh5 17. f4 Rae8 18. Bd2 Rxe1 19. Qxe1 Nf6 20. Na3 Re8 21. Be3
Bxa3 22. bxa3 Bf3 0-1

[Event "Bad Woerishofen Sen"]
[Site "Bad Woerishofen"]
[Date "2001.??.??"]
[Round "3"]
[White "Miessner, Rolf"]
[Black "Michalowski, Richard"]
[Result "1/2-1/2"]
[WhiteElo "1750"]
[BlackElo "1616"]
[Annotator "ChessOrg"]
[PlyCount "33"]
[EventDate "1998.03.05"]
[Source "ChessBase"]
[SourceDate "1998.04.29"]

1. e4 d5 2. exd5 Qxd5 3. Nc3 Qa5 4. d4 c6 5. a3 Nf6 6. b4 Qc7 7. Bd3 Bg4 8. f3
Bh5 9. Nge2 Nbd7 10. O-O e6 11. Bf4 Bd6 12. Bxd6 Qxd6 13. Ne4 Nxe4 14. Bxe4 Nb6
15. c3 O-O 16. Qc1 Rad8 17. Rd1 1/2-1/2

[Event "Bad Woerishofen Sen"]
[Site "Bad Woerishofen"]
[Date "2001.??.??"]
[Round "5"]
[White "Miessner, Rolf"]
[Black "Bartlitz, Heinz"]
[Result "1/2-1/2"]
[WhiteElo "1750"]
[BlackElo "1571"]
[Annotator "ChessOrg"]
[PlyCount "47"]
[EventDate "1998.03.05"]
[Source "ChessBase"]
[SourceDate "1998.04.29"]

1. e4 d6 2. d4 Nf6 3. Nc3 c6 4. f4 Qa5 5. Bd3 e5 6. dxe5 dxe5 7. Bd2 Qc7 8. f5
Bc5 9. Qe2 b5 10. Nh3 h6 11. Nf2 Nbd7 12. O-O Bb7 13. Kh1 a6 14. a3 Rd8 15.
Ncd1 Bb6 16. b4 c5 17. c4 Bc6 18. cxb5 axb5 19. Bxb5 Bxb5 20. Qxb5 O-O 21. Rc1
Rb8 22. Qe2 Qb7 23. Rb1 Qa8 24. bxc5 1/2-1/2

[Event "Bad Woerishofen Sen"]
[Site "Bad Woerishofen"]
[Date "2001.??.??"]
[Round "7"]
[White "Miessner, Rolf"]
[Black "Bierbach, Utz"]
[Result "1/2-1/2"]
[WhiteElo "1750"]
[BlackElo "2055"]
[Annotator "ChessOrg"]
[PlyCount "41"]
[EventDate "1998.03.05"]
[Source "ChessBase"]
[SourceDate "1998.04.29"]

1. e4 d5 2. exd5 Nf6 3. Bb5+ c6 4. dxc6 Nxc6 5. Bxc6+ bxc6 6. Ne2 g6 7. d4 Bg7
8. O-O O-O 9. b3 h5 10. Bb2 Bg4 11. f3 Bd7 12. c4 h4 13. Nd2 Nh5 14. Ne4 Qc7
15. Bc1 Bf5 16. Qe1 Rfd8 17. Be3 Bxe4 18. fxe4 c5 19. Rd1 cxd4 20. Nxd4 Qb7 21.
Qxh4 1/2-1/2

[Event "Bad Woerishofen Sen"]
[Site "Bad Woerishofen"]
[Date "2001.??.??"]
[Round "9"]
[White "Miessner, Rolf"]
[Black "Gestrich, Wolfgang"]
[Result "1-0"]
[WhiteElo "1750"]
[BlackElo "1594"]
[Annotator "ChessOrg"]
[PlyCount "93"]
[EventDate "1998.03.05"]
[Source "ChessBase"]
[SourceDate "1998.04.29"]

1. e4 d6 2. d4 Nf6 3. Nc3 c6 4. f4 Qa5 5. Bd3 Bg4 6. Nf3 h6 7. O-O Nbd7 8. h3
Bh5 9. Kh1 e5 10. dxe5 dxe5 11. f5 Bxf3 12. Qxf3 O-O-O 13. Bc4 Bb4 14. Bxf7
Bxc3 15. bxc3 Qa4 16. Be6 Qxe4 17. Qf2 b6 18. a4 c5 19. Re1 Qc6 20. Rxe5 Ne4
21. Qe3 Ng5 22. a5 Kb7 23. Bd5 Nxe5 24. Bxc6+ Nxc6 25. a6+ Kc8 26. h4 Rhe8 27.
Qg3 Ne4 28. Qxg7 Rd1+ 29. Kh2 Re7 30. Qf8+ Rd8 31. Qxh6 Ne5 32. Qf4 Rg8 33. f6
Nxf6 34. Qf5+ Ned7 35. Bg5 Re5 36. Qf3 Ne4 37. Rd1 Rf8 38. Qd3 Rf7 39. Qc4 Nxg5
40. hxg5 Rh7+ 41. Kg1 Rxg5 42. Qe4 Rgg7 43. Qb7+ Kd8 44. Qa8+ Ke7 45. Qxa7 Ke6
46. Qb7 Rg8 47. Qd5+ 1-0

[Event "Bad Woerishofen Sen"]
[Site "Bad Woerishofen"]
[Date "2001.??.??"]
[Round "2"]
[White "Moeckel, Edgar"]
[Black "Josting, Friedel"]
[Result "0-1"]
[WhiteElo "2087"]
[BlackElo "1820"]
[Annotator "ChessOrg"]
[PlyCount "96"]
[EventDate "1998.03.05"]
[Source "ChessBase"]
[SourceDate "1998.04.29"]

1. d4 Nf6 2. Nf3 e6 3. c4 c5 4. d5 exd5 5. cxd5 d6 6. e4 g6 7. h3 Bg7 8. Nc3
O-O 9. Bd3 Na6 10. O-O Nc7 11. Bf4 a6 12. a4 Rb8 13. a5 b5 14. axb6 Rxb6 15.
Qc2 Nb5 16. Ne2 Qe7 17. Nd2 Nh5 18. Be3 Nd4 19. Bxd4 Bxd4 20. Nxd4 cxd4 21. Nc4
Rb8 22. f4 Bb7 23. g4 Ng7 24. Qf2 f5 25. gxf5 gxf5 26. Qxd4 Qh4 27. Rf3 Rf6 28.
Kh2 Bc8 29. Qf2 Qh6 30. Rg1 fxe4 31. Bxe4 Rxf4 32. Rxg7+ Kxg7 33. Qg3+ Rg4 34.
Qe1 Bd7 35. Qc3+ Kg8 36. Bf5 Bxf5 37. Rxf5 Re8 38. Rf2 Rg6 39. b3 Rf8 40. Re2
Qg5 41. Qe3 Qxd5 42. Rd2 Qc5 43. Rd4 Qc6 44. Rg4 Qd5 45. Rxg6+ hxg6 46. Qg3 Qe4
47. h4 Qe2+ 48. Kh3 Rf3 0-1

[Event "Bad Woerishofen Sen"]
[Site "Bad Woerishofen"]
[Date "2001.??.??"]
[Round "4"]
[White "Moeckel, Edgar"]
[Black "Schneider, Miloca"]
[Result "1-0"]
[WhiteElo "2087"]
[BlackElo "1723"]
[Annotator "ChessOrg"]
[PlyCount "85"]
[EventDate "1998.03.05"]
[Source "ChessBase"]
[SourceDate "1998.04.29"]

1. e4 d6 2. d4 Nf6 3. Nc3 c6 4. Be2 Qa5 5. Bd2 Qc7 6. h3 e5 7. Nf3 Be7 8. O-O
O-O 9. Be3 b5 10. a3 a6 11. Nd2 Bb7 12. f4 exd4 13. Bxd4 c5 14. Be3 d5 15. exd5
Nxd5 16. Nxd5 Bxd5 17. c4 Bc6 18. Qc2 Nd7 19. Bf3 Bxf3 20. Nxf3 f5 21. Rad1 g6
22. cxb5 Nf6 23. Ng5 Qc8 24. Qc4+ Kh8 25. Nf7+ Kg7 26. Ne5 axb5 27. Qxb5 Rb8
28. Qe2 Rb3 29. Bf2 Qb7 30. Nc4 Ne4 31. Rd3 Rxd3 32. Qxd3 Rd8 33. Qc2 Nxf2 34.
Rxf2 Rd4 35. Ne5 Qd5 36. Kh2 Bd6 37. Qe2 Rxf4 38. Rxf4 Bxe5 39. g3 Bxf4 40.
gxf4 c4 41. Qe5+ Qxe5 42. fxe5 Kf7 43. a4 1-0

[Event "Bad Woerishofen Sen"]
[Site "Bad Woerishofen"]
[Date "2001.??.??"]
[Round "6"]
[White "Moeckel, Edgar"]
[Black "Dunkel, Horst"]
[Result "1/2-1/2"]
[WhiteElo "2087"]
[BlackElo "1700"]
[Annotator "ChessOrg"]
[PlyCount "120"]
[EventDate "1998.03.05"]
[Source "ChessBase"]
[SourceDate "1998.04.29"]

1. d4 e6 2. c4 Nf6 3. Nf3 d5 4. Nc3 h6 5. e3 Bb4 6. Qa4+ Nc6 7. Bd2 Bxc3 8.
Bxc3 O-O 9. Bd3 Bd7 10. Qc2 dxc4 11. Bxc4 Nd5 12. O-O Nce7 13. Ne5 Be8 14. Bd3
Nxc3 15. bxc3 f6 16. Nf3 c6 17. Qb3 Qc8 18. c4 Bf7 19. e4 Rd8 20. Rfc1 Qd7 21.
a4 a5 22. Rd1 Qc7 23. Rab1 Rab8 24. Qc2 Rd7 25. h3 g5 26. Qc3 Kg7 27. Rb3 Bh5
28. g4 Bf7 29. Rdb1 Ng6 30. Bf1 Qf4 31. Qe3 Qc7 32. Ne1 Qd8 33. Rd1 Nf4 34. Ng2
Ng6 35. f4 Qc7 36. f5 exf5 37. exf5 Ne7 38. Qf2 Nc8 39. Qf3 Nb6 40. Ne3 Qd8 41.
Qe4 Nxa4 42. Be2 Nb6 43. Ra3 Nc8 44. Bf3 Nd6 45. Qd3 Qc7 46. Kg2 b5 47. cxb5
Nxb5 48. Ra4 Rbd8 49. Nc2 Nd6 50. Qc3 Nb7 51. Qxc6 Qxc6 52. Bxc6 Rc7 53. Bxb7
Rxc2+ 54. Kg1 Rb8 55. Be4 Re2 56. Bf3 Re3 57. Rf1 Rd3 58. Rxa5 Rxd4 59. Ra7 Rb2
60. Rf2 Rb1+ 1/2-1/2

[Event "Bad Woerishofen Sen"]
[Site "Bad Woerishofen"]
[Date "2001.??.??"]
[Round "7"]
[White "Moeckel, Edgar"]
[Black "Reinke, Kurt"]
[Result "0-1"]
[WhiteElo "2087"]
[BlackElo "1841"]
[Annotator "ChessOrg"]
[PlyCount "108"]
[EventDate "1998.03.05"]
[Source "ChessBase"]
[SourceDate "1998.04.29"]

1. d4 d5 2. Nf3 Nf6 3. c4 c6 4. Nc3 e6 5. Bg5 h6 6. Bh4 g5 7. Bg3 dxc4 8. a4
Qa5 9. Nd2 Bb4 10. Rc1 Nd5 11. Nxc4 Nxc3 12. bxc3 Bxc3+ 13. Nd2 Bxd4 14. e3 Bc3
15. Rc2 Ke7 16. Qc1 Bxd2+ 17. Rxd2 Rd8 18. Qa3+ c5 19. Bd3 Qb4 20. Qxb4 cxb4
21. Ke2 Nc6 22. Rc1 Bd7 23. Rb2 a5 24. Bc7 Rdc8 25. Bb6 Nd4+ 26. Kd2 Rxc1 27.
Kxc1 Nc6 28. Bb5 Ne5 29. Rc2 Bxb5 30. axb5 b3 31. Rc7+ Ke8 32. Rxb7 a4 33. Ra7
Rc8+ 34. Rc7 Rxc7+ 35. Bxc7 Nd3+ 36. Kb1 Kd7 37. Bb6 Nxf2 38. Bd4 Nd3 39. g4 e5
40. Bb6 Nf2 41. h3 Nxh3 42. e4 Nf4 43. Kb2 Nd3+ 44. Ka3 b2 45. Ka2 a3 46. Ba5
Nf2 47. Bb4 Nxg4 48. Bxa3 Nf2 49. Bxb2 f6 50. Bc3 Nxe4 51. Kb3 Kc7 52. Ba5+ Kb7
53. Kc4 g4 54. Kd3 g3 0-1

[Event "Bad Woerishofen Sen"]
[Site "Bad Woerishofen"]
[Date "2001.??.??"]
[Round "9"]
[White "Moeckel, Edgar"]
[Black "Garbe, Heinz"]
[Result "1-0"]
[WhiteElo "2087"]
[BlackElo "1700"]
[Annotator "ChessOrg"]
[PlyCount "77"]
[EventDate "1998.03.05"]
[Source "ChessBase"]
[SourceDate "1998.04.29"]

1. d4 Nf6 2. Nf3 g6 3. c3 Bg7 4. Bg5 a6 5. Nbd2 d6 6. e4 O-O 7. Bc4 Bd7 8. Qe2
b5 9. Bb3 Qc8 10. O-O h6 11. Bh4 Kh7 12. e5 Ng8 13. Rfe1 e6 14. Bc2 Bc6 15. Bg3
dxe5 16. dxe5 Qb7 17. h4 Kh8 18. h5 Ne7 19. Nh4 Be8 20. f4 Nd7 21. Be4 c6 22.
Bf2 Qc7 23. Qg4 Nf5 24. hxg6 Nxe5 25. fxe5 fxg6 26. Nxg6+ Bxg6 27. Qxg6 Qd7 28.
Rad1 Rac8 29. Nb3 Qf7 30. Qxf7 Rxf7 31. Bxf5 Rxf5 32. Bd4 Bf8 33. Nc5 Bxc5 34.
Bxc5 Rg8 35. Rd7 Rfg5 36. Re2 h5 37. Rf2 h4 38. Be7 Rg4 39. Bf6+ 1-0

[Event "Bad Woerishofen Sen"]
[Site "Bad Woerishofen"]
[Date "2001.??.??"]
[Round "2"]
[White "Nefzger, Franz"]
[Black "Miessner, Rolf"]
[Result "1/2-1/2"]
[WhiteElo "1653"]
[BlackElo "1750"]
[Annotator "ChessOrg"]
[PlyCount "104"]
[EventDate "1998.03.05"]
[Source "ChessBase"]
[SourceDate "1998.04.29"]

1. c4 c6 2. d4 d5 3. e3 Bf5 4. Nf3 e6 5. Nc3 Nf6 6. Be2 Nbd7 7. O-O Bd6 8. Re1
O-O 9. c5 Be7 10. Bd3 Ne4 11. Bxe4 dxe4 12. Nd2 Nf6 13. Qc2 b6 14. b4 a5 15.
bxa5 bxc5 16. dxc5 Rxa5 17. Nb3 Ra6 18. Bb2 Qa8 19. h3 Bg6 20. Qe2 Rd8 21. Red1
Rxd1+ 22. Qxd1 Nd5 23. Qe2 Ra7 24. g3 Nb4 25. a3 Nd3 26. Qc2 Nxb2 27. Qxb2 Bf6
28. Nd4 Rb7 29. Qc2 Rd7 30. Nce2 Bxd4 31. Nxd4 e5 32. Ne2 Qd8 33. Rb1 h6 34.
Qa4 Qf6 35. Rd1 Qe6 36. Kg2 f5 37. Rxd7 Qxd7 38. Qc4+ Bf7 39. Qc1 Qd3 40. Ng1
Bc4 41. Qb2 Qd5 42. Qb4 f4 43. gxf4 exf4 44. Qb8+ Kh7 45. Qxf4 Bd3 46. Qd6 Qg5+
47. Qg3 Qxc5 48. Qg4 Qd5 49. Ne2 Bxe2 50. Qxe2 Qg5+ 51. Kf1 Qe5 52. Qd1 Qb5+
1/2-1/2

[Event "Bad Woerishofen Sen"]
[Site "Bad Woerishofen"]
[Date "2001.??.??"]
[Round "5"]
[White "Nefzger, Franz"]
[Black "Malik, Rosemarie"]
[Result "1-0"]
[WhiteElo "1653"]
[BlackElo "1700"]
[Annotator "ChessOrg"]
[PlyCount "105"]
[EventDate "1998.03.05"]
[Source "ChessBase"]
[SourceDate "1998.04.29"]

1. c4 b6 2. d4 e6 3. e4 Bb7 4. Nc3 Bb4 5. Bd3 Bxc3+ 6. bxc3 Ne7 7. Nf3 h6 8.
O-O d6 9. Be3 Nd7 10. Qd2 c5 11. d5 O-O 12. h3 e5 13. Nh2 Nf6 14. f4 Rb8 15. f5
Bc8 16. Rf3 Bd7 17. Bxh6 Nh7 18. Rg3 g6 19. Bxf8 Qxf8 20. Rf1 Kg7 21. Ng4 g5
22. f6+ Kg6 23. fxe7 Qxe7 24. Be2 Rf8 25. Ne3 f6 26. Nf5 Qd8 27. Bd1 Bc8 28.
Qe2 Bxf5 29. Rxf5 Kg7 30. h4 Kh8 31. Qh5 Rg8 32. Rh3 Qe7 33. hxg5 Rxg5 34.
Qxh7+ Qxh7 35. Rxh7+ Kxh7 36. Rxg5 fxg5 37. a4 Kg6 38. Kf2 Kh6 39. Kg3 Kg6 40.
Bg4 Kh6 41. Bd7 Kg6 42. Kg4 Kf6 43. Bf5 a6 44. g3 a5 45. Bd7 Ke7 46. Bc8 Kf6
47. Bf5 Kg7 48. Kxg5 Kf7 49. g4 Kg7 50. Be6 Kf8 51. Kf6 Ke8 52. g5 Kf8 53. g6
1-0

[Event "Bad Woerishofen Sen"]
[Site "Bad Woerishofen"]
[Date "2001.??.??"]
[Round "6"]
[White "Nefzger, Franz"]
[Black "Schumacher, Ursula"]
[Result "1-0"]
[WhiteElo "1653"]
[BlackElo "1500"]
[Annotator "ChessOrg"]
[PlyCount "129"]
[EventDate "1998.03.05"]
[Source "ChessBase"]
[SourceDate "1998.04.29"]

1. c4 Nf6 2. d4 c6 3. Nc3 d5 4. e3 g6 5. Nf3 Bg7 6. cxd5 Nxd5 7. Bd2 Nd7 8. Ne4
N7f6 9. Nxf6+ Nxf6 10. Be2 Bf5 11. Qb3 Qb6 12. Bc4 Qxb3 13. Bxb3 Bd3 14. Ne5
Bb5 15. Bxf7+ Kf8 16. Bc4 Bxc4 17. Nxc4 Nd5 18. Ke2 Kf7 19. f3 Rhf8 20. e4 Nc7
21. Bc3 Nb5 22. Rhd1 b6 23. a4 Nd6 24. Ne3 e6 25. e5 Nf5 26. Nxf5 gxf5 27. f4
Rfd8 28. Bb4 Bf8 29. Bxf8 Kxf8 30. Rac1 Rac8 31. Rc3 Rd7 32. Ke3 c5 33. Ke2
Rcd8 34. Rcd3 cxd4 35. Rc1 Rg7 36. g3 Rgd7 37. Rc4 Kf7 38. Kf3 h5 39. h3 Ke8
40. g4 hxg4+ 41. hxg4 fxg4+ 42. Kxg4 Rg7+ 43. Kf3 Rgd7 44. Ke4 Kf7 45. b4 Kg6
46. Rc6 Kf7 47. b5 Rg8 48. Rxd4 Rxd4+ 49. Kxd4 Rd8+ 50. Ke4 Rd7 51. f5 exf5+
52. Kxf5 Ke8 53. Ke6 Re7+ 54. Kd5 Kd8 55. Rc4 Rd7+ 56. Ke6 Re7+ 57. Kf6 Rh7 58.
Rg4 Rh6+ 59. Rg6 Rxg6+ 60. Kxg6 Ke7 61. Kf5 Kf7 62. e6+ Ke7 63. Ke5 Kd8 64. Kd6
Ke8 65. e7 1-0

[Event "Bad Woerishofen Sen"]
[Site "Bad Woerishofen"]
[Date "2001.??.??"]
[Round "9"]
[White "Nefzger, Franz"]
[Black "Philipp, Guenther"]
[Result "0-1"]
[WhiteElo "1653"]
[BlackElo "1752"]
[Annotator "ChessOrg"]
[PlyCount "108"]
[EventDate "1998.03.05"]
[Source "ChessBase"]
[SourceDate "1998.04.29"]

1. d4 Nf6 2. c4 e6 3. Bg5 h6 4. Bd2 c5 5. Nf3 Nc6 6. Bc3 Ne4 7. d5 Nxc3 8. Nxc3
exd5 9. Nxd5 d6 10. e3 Be7 11. Be2 O-O 12. O-O Be6 13. Nxe7+ Qxe7 14. h3 Rfd8
15. Qc2 d5 16. cxd5 Bxd5 17. a3 Rac8 18. Rfd1 b6 19. Qc3 Rd6 20. Rd2 Rcd8 21.
Rad1 R8d7 22. Ne1 Rd8 23. Bf3 Bxf3 24. Nxf3 Rxd2 25. Rxd2 Rxd2 26. Qxd2 Kf8 27.
Qc2 Qf6 28. Nd2 Qe6 29. Qd3 Ke7 30. f4 Qd6 31. Qe4+ Qe6 32. Qf3 Na5 33. g4 Qd6
34. Qe4+ Kd7 35. Qc2 Qd5 36. Kf2 g6 37. Nf3 Ke7 38. Qd2 Qxd2+ 39. Nxd2 Ke6 40.
e4 c4 41. Ke3 Kd6 42. Kd4 b5 43. e5+ Kc6 44. h4 Nb3+ 45. Nxb3 cxb3 46. h5 gxh5
47. gxh5 a5 48. f5 a4 49. Ke4 b4 50. Kd3 bxa3 51. bxa3 Kd5 52. e6 fxe6 53. f6
Kd6 54. Kc3 e5 0-1

[Event "Bad Woerishofen Sen"]
[Site "Bad Woerishofen"]
[Date "2001.??.??"]
[Round "1"]
[White "Neumann, Erwin"]
[Black "Schoen, Siegfried"]
[Result "1/2-1/2"]
[WhiteElo "1794"]
[BlackElo "1539"]
[Annotator "ChessOrg"]
[PlyCount "100"]
[EventDate "1998.03.05"]
[Source "ChessBase"]
[SourceDate "1998.04.29"]

1. e4 d5 2. exd5 Qxd5 3. Nf3 c6 4. d4 Nf6 5. Be2 Bg4 6. Nc3 Qd8 7. h3 Bh5 8.
O-O e6 9. Bf4 Be7 10. Re1 Bxf3 11. Bxf3 Nd5 12. Nxd5 cxd5 13. c4 O-O 14. cxd5
exd5 15. Qb3 Nc6 16. Qxb7 Bd6 17. Qxc6 Bxf4 18. Qxd5 Qxd5 19. Bxd5 Rad8 20. Re4
Bg5 21. Bc4 Bf6 22. Rd1 Rfe8 23. Rxe8+ Rxe8 24. b3 Rd8 25. d5 Be7 26. a4 Bd6
27. Kf1 Kf8 28. Rd3 Re8 29. Bb5 Rd8 30. Ke2 g6 31. g4 g5 32. Bc6 Kg7 33. Rd4 a5
34. Re4 Rb8 35. Bb5 h6 36. Re8 Rxe8+ 37. Bxe8 Kf6 38. Kd3 Ke7 39. Bc6 Kf6 40.
Ke4 Bc7 41. f3 Bd6 42. Kd4 Ke7 43. Bb5 Kf6 44. Bd3 Bb4 45. Be4 Bd6 46. Kc4 Bb4
47. Kb5 Ke5 48. Kc6 Bd6 49. Kd7 Bb4 50. Ke8 Kf6 1/2-1/2

[Event "Bad Woerishofen Sen"]
[Site "Bad Woerishofen"]
[Date "2001.??.??"]
[Round "3"]
[White "Neumann, Erwin"]
[Black "Kraft, Hans"]
[Result "1/2-1/2"]
[WhiteElo "1794"]
[BlackElo "2100"]
[Annotator "ChessOrg"]
[PlyCount "81"]
[EventDate "1998.03.05"]
[Source "ChessBase"]
[SourceDate "1998.04.29"]

1. e4 c5 2. Nf3 Nc6 3. c3 d5 4. exd5 Qxd5 5. d4 e5 6. dxe5 Qxd1+ 7. Kxd1 Bg4 8.
Be2 O-O-O+ 9. Ke1 Bxf3 10. gxf3 Nxe5 11. Na3 Nd3+ 12. Kf1 Ne7 13. Rg1 Ng6 14.
Rg4 Be7 15. Rb1 f5 16. Ra4 Kb8 17. Be3 a6 18. f4 Nh4 19. b4 cxb4 20. cxb4 Rd7
21. b5 axb5 22. Nxb5 Nc5 23. Rc4 b6 24. Nc3 Kc7 25. Bd4 Rg8 26. Be5+ Kb7 27.
Rcb4 Bd8 28. Nb5 Nd3 29. Bxd3 Rxd3 30. Nd6+ Kc6 31. Nc4 Ng6 32. Nxb6 Nxe5 33.
fxe5 Rc3 34. Na4 Rc2 35. R1b2 Rc1+ 36. Kg2 Bc7 37. Re2 Re8 38. Nb2 Rc3 39. f4
h6 40. a4 g5 41. fxg5 1/2-1/2

[Event "Bad Woerishofen Sen"]
[Site "Bad Woerishofen"]
[Date "2001.??.??"]
[Round "5"]
[White "Neumann, Erwin"]
[Black "Kaiser, Hans"]
[Result "1/2-1/2"]
[WhiteElo "1794"]
[BlackElo "1681"]
[Annotator "ChessOrg"]
[PlyCount "53"]
[EventDate "1998.03.05"]
[Source "ChessBase"]
[SourceDate "1998.04.29"]

1. e4 c5 2. Nf3 e6 3. c3 Nf6 4. e5 Nd5 5. d4 Nc6 6. Be2 d6 7. O-O cxd4 8. cxd4
Be7 9. Nbd2 dxe5 10. dxe5 O-O 11. Nc4 a6 12. Qb3 b5 13. Ne3 Ncb4 14. Rd1 Qc7
15. a3 Nxe3 16. Bxe3 Nd5 17. Rac1 Qb8 18. Bd4 Bb7 19. g3 Rc8 20. Rxc8+ Qxc8 21.
Ne1 Qd7 22. Bf3 Rc8 23. h4 Rc4 24. Qd3 Qc7 25. Be4 h6 26. Nf3 Rc1 27. Kg2
1/2-1/2

[Event "Bad Woerishofen Sen"]
[Site "Bad Woerishofen"]
[Date "2001.??.??"]
[Round "7"]
[White "Neumann, Erwin"]
[Black "Bartlitz, Heinz"]
[Result "1-0"]
[WhiteElo "1794"]
[BlackElo "1571"]
[Annotator "ChessOrg"]
[PlyCount "97"]
[EventDate "1998.03.05"]
[Source "ChessBase"]
[SourceDate "1998.04.29"]

1. e4 d6 2. d4 Nf6 3. Bd3 e5 4. c3 c6 5. Ne2 Be7 6. O-O O-O 7. Qc2 Qc7 8. f3 b5
9. Be3 Nbd7 10. a4 bxa4 11. Qxa4 a5 12. Nd2 Nb6 13. Qc2 Be6 14. c4 c5 15. dxe5
dxe5 16. Nc3 Bd7 17. Nd5 Qd6 18. Nb1 Nbxd5 19. exd5 Qc7 20. Nc3 Bd6 21. Ne4
Nxe4 22. fxe4 f6 23. Ra2 Ra7 24. Rfa1 Rfa8 25. b3 Qb6 26. Qd1 Kh8 27. Bc2 Ra6
28. Qe2 Qa7 29. b4 Qb6 30. b5 R6a7 31. Bd2 Kg8 32. Kh1 Kh8 33. Qe1 Bc7 34. Ra3
Kg8 35. Qf2 Bg4 36. Rg3 Bh5 37. Be3 Bd6 38. Qxf6 Rf8 39. Qg5 Bg6 40. Rf3 Be7
41. Rxf8+ Kxf8 42. Rf1+ Kg8 43. Qxe5 Bf6 44. Qg3 a4 45. Qf2 Rf7 46. Bxc5 Bd4
47. Qxf7+ Bxf7 48. Bxb6 Bxb6 49. Bxa4 1-0